The art of nature photography : perfect your pictures in-camera and in-computer (Record no. 366645)

MARC details
000 -LEADER
fixed length control field 00319nam a2200097Ia 4500
082 ## - DEWEY DECIMAL CLASSIFICATION NUMBER
Classification number 778.93 BENV
008 - FIXED-LENGTH DATA ELEMENTS--GENERAL INFORMATION
fixed length control field 210817s9999 xx 000 0 und d
100 ## - MAIN ENTRY--PERSONAL NAME
Personal name Benvie, Niall ** Newton Abbot, 2R4 ** *
9 (RLIN) 91024
245 #0 - TITLE STATEMENT
Title The art of nature photography : perfect your pictures in-camera and in-computer
942 ## - ADDED ENTRY ELEMENTS
item type Books

No items available.